000 00214nam a2200121Ia 4500
100 _a#N/A
942 _cBK
245 _aPower Electronics
260 _b#N/A
082 _b22380
546 _aENGLISH
999 _c25019
_d25019